[Event "New Delhi Parsvnath op-B 16th"]
[Site "New Delhi"]
[Date "2018.01.11"]
[Round "9"]
[White "Sandip, Dey"]
[Black "Selvamurugan, B."]
[Result "1/2-1/2"]
[WhiteElo "1933"]
[BlackElo "1825"]
[PlyCount "146"]
[EventDate "2018.01.09"]
[EventType "swiss"]
[EventRounds "10"]
[EventCountry "IND"]
[SourceTitle "CBM 182 Extra"]
[Source "ChessBase"]
[SourceDate "2018.02.23"]
[SourceVersion "1"]
[SourceVersionDate "2018.02.23"]
[SourceQuality "1"]

1. d4 Nf6 2. c4 g6 3. Nc3 d5 4. Nf3 Bg7 5. Bg5 Ne4 6. cxd5 Nxg5 7. Nxg5 e6 8. Nf3 exd5 9. Qb3 c6 10. e3 0-0 11. Be2 Qe7 12. 0-0 Re8 13. Rac1 Nd7 14. Na4 Nf6 15. Nc5 Ne4 16. Nxe4 Qxe4 17. a4 Qe7 18. a5 a6 19. Ra1 Bf5 20. Ra4 Rad8 21. Rc1 g5 22. Nd2 Bf8 23. Bd3 Bc8 24. Qc2 f6 25. Nb3 Qf7 26. Bf5 Bxf5 27. Qxf5 Qe6 28. Qxe6+ Rxe6 29. Nc5 Bxc5 30. Rxc5 Kf7 31. Rb4 Rd7 32. Rc3 f5 33. h3 h5 34. Rcb3 Ree7 35. g3 Kf6 36. Rb6 Rg7 37. Kg2 Rge7 38. Kf3 g4+ 39. Kg2 Kg5 40. h4+ Kf6 41. Kf1 Ke6 42. Ke2 Kd6 43. Kd2 Rf7 44. Rc3 Rf8 45. Rc1 Re7 46. b4 Ra8 47. b5 axb5 48. a6 Rxa6 49. Rcxc6+ bxc6 50. Rxa6 Rb7 51. Ra8 b4 52. Kc2 Rb5 53. Rh8 c5 54. Rh6+ Ke7 55. dxc5 Rxc5+ 56. Kb2 d4 57. exd4 Rd5 58. Rxh5 Kf6 59. Rh6+ Kg7 60. Rb6 Rxd4 61. Kc2 f4 62. Rb5 fxg3 63. fxg3 Kh6 64. Rb7 Rc4+ 65. Kd3 Rc3+ 66. Ke4 Rxg3 67. Kf4 Rg1 68. Rb5 b3 69. Rxb3 Kh5 70. Rb8 Rf1+ 71. Kg3 Rf3+ 72. Kg2 Rh3 73. Rh8+ Kg6 1/2-1/2